[Event "World Rapid Women 2017"]
[Site "Riyadh KSA"]
[Date "2017.12.28"]
[Round "12.38"]
[White "Saduakassova, Dinara"]
[Black "Papp, Petra"]
[Result "1-0"]
[WhiteTitle "IM"]
[BlackTitle "WGM"]
[WhiteElo "2460"]
[BlackElo "2313"]
[WhiteFideId "13700090"]
[BlackFideId "739049"]
[EventDate "2017.12.26"]

1. d4 d5 2. c4 e6 3. Nf3 Nf6 4. g3 Be7 5. Bg2 O-O 6. O-O dxc4 7. Qc2 a6 8. a4
Bd7 9. Rd1 Bc6 10. Bg5 h6 11. Bxf6 Bxf6 12. Qxc4 a5 13. Nc3 Na6 14. e4 Nb4 15.
Qe2 b6 16. Rac1 Bb7 17. h4 g6 18. Rd2 Bg7 19. Rcd1 Qe7 20. h5 g5 21. Nh2 Rad8
22. Ng4 c5 23. dxc5 Rxd2 24. Rxd2 Qxc5 25. e5 Bxg2 26. Kxg2 Qc6+ 27. Qe4 Qxe4+
28. Nxe4 Rc8 29. Rd7 Nd5 30. Nef6+ Kf8 31. Nxd5 exd5 32. Rxd5 Ke7 33. Rb5 Rc4
34. Ne3 Rxa4 35. Nf5+ Kf8 36. Rd5 Kg8 37. Rd8+ Kh7 38. Rd7 Bxe5 39. Rxf7+ Kh8
40. b3 Rb4 41. Re7 Bb2 42. Re3 b5 43. Re8+ Kh7 44. Re7+ Kg8 45. Nxh6+ Kf8 46.
Rf7+ Ke8 47. Ra7 a4 48. bxa4 bxa4 49. Nf5 a3 50. h6 Kf8 51. h7 Rb5 52. Ra8+ Kf7
53. Nd6+ 1-0

[Event "World Rapid Women 2017"]
[Site "Riyadh KSA"]
[Date "2017.12.28"]
[Round "12.39"]
[White "Ovod, Evgenija"]
[Black "Rapport, Jovana"]
[Result "0-1"]
[WhiteTitle "IM"]
[BlackTitle "WGM"]
[WhiteElo "2364"]
[BlackElo "2299"]
[WhiteFideId "4131827"]
[BlackFideId "937266"]
[EventDate "2017.12.26"]

1. d4 e6 2. Bf4 b6 3. e3 Bb7 4. Nf3 Nf6 5. Nbd2 Be7 6. h3 c5 7. c3 O-O 8. Bd3 d5
9. O-O Ne4 10. Qc2 f5 11. Ne5 Nd7 12. f3 Nxe5 13. Bxe5 Ng5 14. e4 c4 15. Be2 f4
16. h4 Nf7 17. Bxf4 Bxh4 18. e5 Bc6 19. g3 Bg5 20. Bxg5 Qxg5 21. Kg2 Nh6 22. f4
Qf5 23. Qxf5 Nxf5 24. Kf2 Be8 25. g4 Ne7 26. Ke3 h6 27. Rf2 Bg6 28. Raf1 b5 29.
Nf3 a5 30. Nh4 Bh7 31. f5 b4 32. fxe6 Rxf2 33. Rxf2 Rf8 34. Bf3 g5 35. Ng2 Kg7
36. Ke2 Bg8 37. Ne3 Bxe6 38. Rf1 bxc3 39. bxc3 Rb8 40. Rc1 Rb2+ 41. Rc2 Rxc2+
42. Nxc2 h5 43. gxh5 g4 44. Bg2 Kh6 45. Na3 Kxh5 46. Nb5 Kg5 47. Nc7 Kf5 48. Kf2
Bg8 49. Kg3 Bf7 50. Bf1 Kg5 51. e6 Bg6 52. Bg2 Be4 53. Bxe4 dxe4 54. d5 e3 55.
d6 Nf5+ 56. Kg2 Nxd6 57. e7 Kf4 58. e8=Q Nxe8 59. Nxe8 g3 60. Nf6 e2 61. Nh5+
Kg5 62. Nxg3 e1=Q 63. a4 Kg6 0-1

[Event "World Rapid Women 2017"]
[Site "Riyadh KSA"]
[Date "2017.12.28"]
[Round "12.40"]
[White "Belenkaya, Dina"]
[Black "Charkhalashvili, Inga"]
[Result "0-1"]
[WhiteTitle "WGM"]
[BlackTitle "WGM"]
[WhiteElo "2303"]
[BlackElo "2355"]
[WhiteFideId "24142654"]
[BlackFideId "13601431"]
[EventDate "2017.12.26"]

1. e4 c6 2. d4 d5 3. exd5 cxd5 4. Bd3 Nc6 5. c3 Nf6 6. Ne2 Bg4 7. O-O e6 8. Qe1
Bxe2 9. Qxe2 Bd6 10. Nd2 Qc7 11. Nf3 Bf4 12. Re1 Bxc1 13. Raxc1 O-O 14. Ne5 Rfc8
15. f4 Ne7 16. g4 Ng6 17. Qf3 Qb6 18. Rc2 Rc7 19. Rf2 Re8 20. Qh3 Nd7 21. Re3
Ndf8 22. Qh5 Qa5 23. a3 Qb6 24. Rh3 Qb3 25. Kg2 Qd1 26. Bc2 Qxc2 27. Rxc2 Nxf4+
28. Kf3 Nxh5 29. Rxh5 f6 30. Nd3 Ng6 31. Re2 h6 32. Kf2 Kf7 33. Rh3 e5 34. dxe5
Nxe5 35. Nxe5+ Rxe5 36. Rd2 Rc4 37. Rg3 Rf4+ 38. Kg2 Ke6 39. h3 Rfe4 40. Rgd3
Re2+ 41. Kf3 Rxd2 42. Rxd2 Re4 43. b3 Ke5 44. Rd1 g6 45. Rc1 f5 46. c4 d4 47.
gxf5 gxf5 48. Kg2 Re2+ 49. Kg3 Re3+ 50. Kh4 Rxb3 51. Re1+ Re3 52. Rb1 b6 53.
Rb5+ Ke4 54. Rd5 Rxa3 55. Rd7 d3 56. Kh5 Ke3 57. Kxh6 d2 58. Re7+ Kd3 59. Rd7+
Ke2 60. h4 Rd3 61. Re7+ Kf2 62. h5 d1=Q 63. Kg7 Qxh5 0-1

[Event "World Rapid Women 2017"]
[Site "Riyadh KSA"]
[Date "2017.12.28"]
[Round "12.41"]
[White "Sedina, Elena"]
[Black "Mammadzada, Gunay"]
[Result "1/2-1/2"]
[WhiteTitle "IM"]
[BlackTitle "WGM"]
[WhiteElo "2312"]
[BlackElo "2333"]
[WhiteFideId "812153"]
[BlackFideId "13403729"]
[EventDate "2017.12.26"]

1. e4 c5 2. Nf3 d6 3. Bb5+ Nd7 4. d4 Nf6 5. O-O cxd4 6. Qxd4 a6 7. Bxd7+ Qxd7 8.
c4 g6 9. Nc3 Bg7 10. Nd5 e5 11. Nxf6+ Bxf6 12. Qd3 O-O 13. Rd1 Qc7 14. Bh6 Rd8
15. a4 Be6 16. b3 Qe7 17. h3 Rd7 18. Ra2 Kh8 19. Be3 Rg8 20. Qe2 Qd8 21. a5 Be7
22. Bb6 Qe8 23. Rad2 g5 24. Nh2 f6 25. Nf1 h5 26. Ng3 g4 27. h4 Bf8 28. Nf5 Bxf5
29. exf5 Rf7 30. g3 Qc6 31. Rd5 Kh7 32. Kh2 Rgg7 33. b4 Qa4 34. Qd2 Qb3 35. Rc1
Qf3 36. Qd3 e4 37. Qd2 Qa3 38. Qc3 Qa4 39. Bd4 Be7 40. b5 axb5 41. cxb5 Qa2 42.
Qc4 Qxa5 43. b6 Qa3 44. Be3 Bf8 45. Qxe4 Re7 46. Qf4 Rgf7 47. Rc8 Qa2 48. Rxd6
Rxe3 49. Rxf8 Rf3 50. Rxf7+ Qxf7 51. Qd2 Rxf5 52. Rd7 Rxf2+ 53. Qxf2 Qxd7 54.
Qxf6 Qd2+ 55. Kg1 Qe1+ 56. Kg2 Qe2+ 57. Kg1 Qe1+ 1/2-1/2

[Event "World Rapid Women 2017"]
[Site "Riyadh KSA"]
[Date "2017.12.28"]
[Round "12.42"]
[White "Badelka, Olga"]
[Black "Nguyen, Thi Mai Hung"]
[Result "1-0"]
[WhiteTitle "WIM"]
[BlackTitle "WGM"]
[WhiteElo "2388"]
[BlackElo "2321"]
[WhiteFideId "13509926"]
[BlackFideId "12401676"]
[EventDate "2017.12.26"]

1. c4 Nf6 2. d4 e6 3. Nc3 d5 4. cxd5 exd5 5. Bg5 c6 6. e3 Bf5 7. Qf3 Bg6 8. Bxf6
Qxf6 9. Qxf6 gxf6 10. Nf3 Nd7 11. Nh4 Be7 12. g3 O-O-O 13. O-O-O Kb8 14. Be2 Nb6
15. g4 h5 16. gxh5 Bxh5 17. Nf5 Bb4 18. Ng3 Bxe2 19. Ncxe2 Rh7 20. h4 Rdh8 21.
h5 Nd7 22. Rh4 Kc7 23. Rdh1 Nf8 24. Kc2 Ne6 25. h6 Ng5 26. f4 Ne6 27. Nf5 Rg8
28. Rg1 Rg6 29. Rhg4 Nf8 30. Kd3 Kd7 31. R4g2 Rxg2 32. Rxg2 Ng6 33. Neg3 Bf8 34.
Nh5 Be7 35. e4 Bd8 36. e5 fxe5 37. fxe5 Ke6 38. Rf2 Bg5 39. Nhg7+ Kd7 40. Kc2
Nf4 41. Rf1 Ne6 42. Nd6 Nxd4+ 43. Kd3 Bxh6 44. Rxf7+ Kd8 45. Nxb7+ Kc8 46. Nd6+
Kb8 47. Rf8+ Kc7 48. Nge8+ Kb6 49. Rf6 Nb5 50. Nxb5 Kxb5 51. Nd6+ Kb6 52. Nf5
Bc1 53. Kc2 Bg5 54. Rg6 Rh2+ 55. Kd3 Bd8 56. e6 Rxb2 57. Rg8 Bf6 58. Rg6 Bd8 59.
Rg8 Bf6 60. e7 Bxe7 61. Rb8+ Ka6 62. Rxb2 Bf8 63. Nd4 c5 64. Ne6 Bd6 65. Ke2 c4
66. Rd2 c3 67. Rxd5 1-0

[Event "World Rapid Women 2017"]
[Site "Riyadh KSA"]
[Date "2017.12.28"]
[Round "12.43"]
[White "Gu, Xiaobing"]
[Black "Khukhashvili, Sopiko"]
[Result "1-0"]
[WhiteTitle "WGM"]
[BlackTitle "IM"]
[WhiteElo "2332"]
[BlackElo "2312"]
[WhiteFideId "8602611"]
[BlackFideId "13602055"]
[EventDate "2017.12.26"]

1. e4 c5 2. Nf3 e6 3. g3 Nc6 4. Bg2 Nf6 5. Nc3 Be7 6. d4 cxd4 7. Nxd4 Qc7 8.
Ndb5 Qb8 9. Bf4 e5 10. Bg5 a6 11. Bxf6 gxf6 12. Na3 b5 13. Nd5 Qd6 14. c3 Bb7
15. Nc2 Bf8 16. Qf3 O-O-O 17. Rd1 Qe6 18. Qe3 Kb8 19. h4 f5 20. Qb6 fxe4 21. Nc7
Qc4 22. Nxa6+ Ka8 23. Ne3 Qa4 24. Nd5 Bd6 25. Qxd8+ Rxd8 26. Nb6+ Ka7 27. Nxa4
Be7 28. N4c5 d5 29. Nc7 Bxc5 30. Rxd5 Rxd5 31. Nxd5 f5 32. b4 Bd6 33. Nf6 Ne7
34. O-O Bc7 35. Rd1 Bc6 36. g4 fxg4 37. Bxe4 Bxe4 38. Nxe4 Kb6 39. Rd7 Ng6 40.
Rxh7 Nf4 41. h5 Kc6 42. h6 Bb6 43. Rg7 Kd5 44. h7 Kxe4 45. h8=Q Nh3+ 46. Kf1
Nxf2 47. Qh6 Be3 48. Qc6+ Kd3 49. Qxb5+ Kxc3 50. Rc7+ 1-0

[Event "World Rapid Women 2017"]
[Site "Riyadh KSA"]
[Date "2017.12.28"]
[Round "12.44"]
[White "Fierro Baquero, Martha L."]
[Black "Gara, Anita"]
[Result "1/2-1/2"]
[WhiteTitle "IM"]
[BlackTitle "IM"]
[WhiteElo "2369"]
[BlackElo "2367"]
[WhiteFideId "3600270"]
[BlackFideId "709751"]
[EventDate "2017.12.26"]

1. c4 g6 2. g3 Bg7 3. Bg2 d6 4. Nc3 e5 5. Nf3 Ne7 6. O-O Nbc6 7. Rb1 a5 8. a3
O-O 9. b4 axb4 10. axb4 Be6 11. d3 h6 12. b5 Nd4 13. Nd2 c6 14. e3 Ndf5 15. Qb3
d5 16. Qb4 d4 17. exd4 Nxd4 18. Nde4 f5 19. Nc5 Bc8 20. bxc6 bxc6 21. Be3 f4 22.
Bxd4 exd4 23. N3e4 f3 24. Bh1 Nf5 25. Rfe1 g5 26. h3 Nd6 27. Nd2 Bxh3 28. Ne6
Bxe6 29. Rxe6 Rf6 30. Rxf6 Qxf6 31. Bxf3 Rf8 32. Rf1 Nf7 33. Bg2 Ne5 34. Qb3 g4
35. c5+ Kh8 36. Ne4 Qg6 37. Ra1 Nf3+ 38. Bxf3 gxf3 39. Nd2 Qg4 40. Qd1 Be5 41.
Ne4 h5 42. Qc1 Bf4 43. Qb2 Be5 44. Qc1 Bf4 45. Qb2 Qg7 46. Kh2 h4 47. Rh1 hxg3+
48. Nxg3 Bxg3+ 49. fxg3 f2 50. Kg2+ Kg8 51. Rf1 Qe5 52. Rxf2 Rxf2+ 53. Qxf2 Qxc5
54. Qa2+ Kg7 55. Qe2 Qd5+ 56. Qf3 Qd6 57. Qe4 c5 58. Qg4+ Kf7 59. Qf5+ Kg7 1/2-1/2

[Event "World Rapid Women 2017"]
[Site "Riyadh KSA"]
[Date "2017.12.28"]
[Round "12.45"]
[White "Nakhbayeva, Guliskhan"]
[Black "Bivol, Alina"]
[Result "1-0"]
[WhiteTitle "WGM"]
[BlackTitle "WGM"]
[WhiteElo "2314"]
[BlackElo "2356"]
[WhiteFideId "13704788"]
[BlackFideId "4100123"]
[EventDate "2017.12.26"]

1. d4 Nf6 2. c4 g6 3. Nc3 Bg7 4. e4 d6 5. h3 O-O 6. Bg5 Nbd7 7. Bd3 a6 8. Nf3 c5
9. d5 b5 10. cxb5 axb5 11. Nxb5 Ba6 12. Nc3 Qb6 13. Rb1 Rfb8 14. O-O h6 15. Be3
Ne8 16. Bxa6 Qxa6 17. Qd2 Kh7 18. b3 Qa5 19. Rfc1 Bxc3 20. Rxc3 Nef6 21. Bxh6
Ne5 22. Nxe5 Nxe4 23. Qf4 dxe5 24. Qxf7+ Kxh6 25. Rc4 Rb4 26. Qxe7 Qd8 27. Qxe5
Nf6 28. d6 Rxc4 29. bxc4 Nd7 30. Qe4 Qf8 31. Rb7 Nf6 32. Qh4+ Nh5 33. g4 Qf4 34.
d7 Rf8 35. d8=Q Qc1+ 36. Kg2 Rxd8 37. Qxd8 Nf4+ 38. Kh2 g5 39. Rb6+ Ng6 40. Qh8# 1-0

[Event "World Rapid Women 2017"]
[Site "Riyadh KSA"]
[Date "2017.12.28"]
[Round "13.2"]
[White "Lei, Tingjie"]
[Black "Danielian, Elina"]
[Result "1-0"]
[WhiteTitle "GM"]
[BlackTitle "GM"]
[WhiteElo "2528"]
[BlackElo "2413"]
[WhiteFideId "8605114"]
[BlackFideId "13300210"]
[EventDate "2017.12.26"]

1. d4 d6 2. Nf3 Bg4 3. e4 Nf6 4. Nc3 e6 5. h3 Bh5 6. g4 Bg6 7. Qe2 c6 8. g5 Nfd7
9. Nh4 e5 10. d5 Be7 11. Rg1 a6 12. Be3 b5 13. dxc6 Nxc6 14. Nf5 O-O 15. O-O-O
Re8 16. Nd5 Bf8 17. h4 Rc8 18. Kb1 Nd4 19. Bxd4 exd4 20. Bh3 Nc5 21. Rxd4 Ne6
22. Rd2 Rc4 23. f3 Bxf5 24. Bxf5 Nd4 25. Qg2 Nxf5 26. exf5 Rxh4 27. Nf6+ Kh8 28.
Nxe8 Qxe8 29. Re2 Qc6 30. Rge1 Kg8 31. Re8 Rf4 32. Qe2 1-0

[Event "World Rapid Women 2017"]
[Site "Riyadh KSA"]
[Date "2017.12.28"]
[Round "13.3"]
[White "Atalik, Ekaterina"]
[Black "Goryachkina, Aleksandra"]
[Result "1-0"]
[WhiteTitle "IM"]
[BlackTitle "WGM"]
[WhiteElo "2451"]
[BlackElo "2486"]
[WhiteFideId "4130189"]
[BlackFideId "4147103"]
[EventDate "2017.12.26"]

1. d4 d5 2. c4 Nc6 3. e3 e5 4. dxe5 d4 5. exd4 Bb4+ 6. Nc3 Qxd4 7. Qxd4 Nxd4 8.
Bd3 Be6 9. Bd2 O-O-O 10. O-O-O Ne7 11. Bg5 Rd7 12. Nge2 Nec6 13. Nxd4 Rxd4 14.
Be3 Rd7 15. Nd5 Rhd8 16. f4 Bxd5 17. cxd5 Rxd5 18. Bc4 Rxd1+ 19. Rxd1 Rxd1+ 20.
Kxd1 Nd8 21. g4 Kd7 22. Ke2 a6 23. h4 b5 24. Bd3 g6 25. h5 Nc6 26. Be4 Be7 27.
Bd5 Nd8 28. f5 gxf5 29. gxf5 c6 30. Bb3 c5 31. Bc2 f6 32. e6+ Kc7 33. Bf4+ Kb6
34. Be4 Nc6 35. a3 Na5 36. h6 Nc4 37. Bf3 Nd6 38. Bxd6 Bxd6 39. Bh5 Kc7 40. Bg6
Bf8 41. Bxh7 Kd6 42. Bg6 Bxh6 43. Kd3 Bc1 44. Kc2 Bf4 45. Be8 Ke7 46. Bc6 Kd6
47. Bb7 a5 48. Ba6 b4 49. a4 Ke7 50. Kd3 Bc7 51. Kc4 Kd6 52. Kb5 Bd8 53. b3 Bc7
54. Bb7 Bd8 55. Be4 Bc7 56. Bd3 Bd8 57. Ka6 Bc7 58. Kb7 Bd8 59. Bc4 Be7 60. Kc8
Kc6 61. Be2 Kd6 62. Bd3 Kc6 63. Be4+ Kd6 64. Bf3 c4 65. bxc4 b3 66. Be4 b2 67.
Bb1 Kc6 68. Bc2 Kd6 69. c5+ Kc6 70. Be4+ Kxc5 71. Kd7 Kd4 72. Bb1 Bb4 73. e7
Bxe7 74. Kxe7 1-0

[Event "World Rapid Women 2017"]
[Site "Riyadh KSA"]
[Date "2017.12.28"]
[Round "13.4"]
[White "Shuvalova, Polina"]
[Black "Harika, Dronavalli"]
[Result "1-0"]
[WhiteTitle "WIM"]
[BlackTitle "GM"]
[WhiteElo "2385"]
[BlackElo "2504"]
[WhiteFideId "24171760"]
[BlackFideId "5015197"]
[EventDate "2017.12.26"]

1. d4 d5 2. c4 e6 3. Nf3 Nf6 4. g3 dxc4 5. Bg2 Bd7 6. Ne5 Bc6 7. Nxc6 Nxc6 8.
Qa4 Qd7 9. Qxc4 Nxd4 10. O-O c5 11. Nc3 Rd8 12. a4 Be7 13. Nb5 a6 14. Nxd4 cxd4
15. Rd1 O-O 16. Bg5 Nd5 17. Bxe7 Nxe7 18. e3 e5 19. Rd3 Nf5 20. Rad1 Qe7 21. Bh3
Nd6 22. Qb4 a5 23. Qxa5 Ne4 24. Bg2 Nc5 25. Ra3 dxe3 26. Rxd8 exf2+ 27. Kxf2
Rxd8 28. Re3 g6 29. h4 Qd6 30. Kg1 e4 31. b4 Ne6 32. Kh2 f5 33. Qb5 b6 34. a5
bxa5 35. bxa5 Rb8 36. Qc4 Kg7 37. a6 f4 38. Qc3+ Kg8 39. Rxe4 fxg3+ 40. Qxg3
Qxg3+ 41. Kxg3 Rb3+ 42. Kh2 Nc7 43. Re7 Ra3 44. Rxc7 Rxa6 45. Bd5+ Kh8 46. Kg3
Ra4 47. Bc4 Ra5 48. Kg4 Re5 49. Kf4 Rf5+ 50. Kg3 Re5 51. Kg4 Ra5 52. Kf4 Rf5+
53. Kg4 Re5 54. Bb3 Rb5 55. Be6 Re5 56. Re7 Rc5 57. Kf4 Ra5 58. Rd7 Rh5 59. Rc7
Ra5 60. Rb7 Rc5 61. Kg4 Re5 62. Re7 Rc5 63. Kf4 Rh5 64. Rd7 Rc5 65. Bd5 Rc8 66.
Kg5 Rc5 67. Rd8+ Kg7 68. Rg8# 1-0

[Event "World Rapid Women 2017"]
[Site "Riyadh KSA"]
[Date "2017.12.28"]
[Round "13.5"]
[White "Khotenashvili, Bela"]
[Black "Huang, Qian"]
[Result "1/2-1/2"]
[WhiteTitle "GM"]
[BlackTitle "WGM"]
[WhiteElo "2476"]
[BlackElo "2438"]
[WhiteFideId "13602640"]
[BlackFideId "8602689"]
[EventDate "2017.12.26"]

1. d4 d6 2. Nf3 g6 3. c4 Bg7 4. Nc3 Nd7 5. g3 e5 6. Bg2 Ne7 7. O-O O-O 8. e4
exd4 9. Nxd4 Nc6 10. Nde2 Nde5 11. b3 f5 12. Nf4 fxe4 13. Bxe4 Kh8 14. Bd2 Nd4
15. Be3 Nf5 16. Bd2 Nd4 17. Be3 Nf5 18. Bd2 Nd4 1/2-1/2

[Event "World Rapid Women 2017"]
[Site "Riyadh KSA"]
[Date "2017.12.28"]
[Round "13.7"]
[White "Dzagnidze, Nana"]
[Black "Zimina, Olga"]
[Result "1-0"]
[WhiteTitle "GM"]
[BlackTitle "IM"]
[WhiteElo "2522"]
[BlackElo "2415"]
[WhiteFideId "13601903"]
[BlackFideId "4132190"]
[EventDate "2017.12.26"]

1. Nf3 d5 2. b3 Bg4 3. Bb2 Nd7 4. g3 c6 5. Bg2 e6 6. O-O Ngf6 7. c4 Bd6 8. d3
O-O 9. Nc3 Qe7 10. h3 Bxf3 11. exf3 Ba3 12. Bxa3 Qxa3 13. f4 Rad8 14. Qc2 g6 15.
Rad1 Ne8 16. Rfe1 Nd6 17. g4 b5 18. Nb1 Qa5 19. c5 Ne8 20. d4 Qc7 21. Qd2 Ng7
22. Nc3 Nf6 23. Qe3 Qa5 24. Ne2 Rfe8 25. Nc1 Nd7 26. Nd3 Qc7 27. Re2 f5 28. g5
Re7 29. Bf3 Kf7 30. h4 Rg8 31. Kg2 h5 32. gxh6 Nh5 33. Rg1 Ke8 34. h7 Rh8 35.
Kf1 Nf8 36. Rxg6 Rhxh7 37. Bxh5 Rxh5 38. Qg3 Reh7 39. Rexe6+ Nxe6 40. Rxe6+ Kf8
41. Qg6 Qc8 42. Ne5 Qd8 43. Rf6+ 1-0

[Event "World Rapid Women 2017"]
[Site "Riyadh KSA"]
[Date "2017.12.28"]
[Round "13.8"]
[White "Pham, Le Thao Nguyen"]
[Black "Abdumalik, Zhansaya"]
[Result "1-0"]
[WhiteTitle "IM"]
[BlackTitle "IM"]
[WhiteElo "2354"]
[BlackElo "2449"]
[WhiteFideId "12401226"]
[BlackFideId "13703544"]
[EventDate "2017.12.26"]

1. d4 Nf6 2. Nf3 g6 3. g3 Bg7 4. Bg2 c5 5. c3 d5 6. O-O O-O 7. dxc5 Nbd7 8. b4
a5 9. Bb2 Qc7 10. Nd4 Ne5 11. Na3 Bd7 12. h3 Rfd8 13. Qc1 h6 14. Qe3 Ne4 15.
Rfc1 Nc6 16. b5 Nb8 17. c4 Nxc5 18. cxd5 Be8 19. Rc2 b6 20. Nc6 Rd7 21. Bxg7
Kxg7 22. Nc4 Nxc6 23. bxc6 Rdd8 24. Nxb6 Qxb6 25. Qxc5 Qc7 26. Rb1 Rab8 27. Rcb2
Rxb2 28. Rxb2 Qe5 29. Rb7 Rd6 30. e4 Bxc6 31. Rb1 Ba4 32. f4 Qf6 33. Kh2 Rd7 34.
Qxa5 Bc2 35. Rc1 Qb2 36. Qd2 Rc7 37. a4 Qb3 38. a5 Rc3 39. a6 Rxg3 40. Rxc2 Rd3
41. Qf2 Qa4 42. a7 Ra3 43. Rd2 Qd7 44. Qd4+ Kh7 45. Rb2 Rxa7 46. Rb8 f6 47. e5
Ra6 48. Qc4 Ra4 49. Rb4 Ra3 50. exf6 Re3 51. Qd4 Re2 52. f7 Qd8 53. Rb6 Qf8 54.
Re6 Ra2 55. Qe3 1-0

[Event "World Rapid Women 2017"]
[Site "Riyadh KSA"]
[Date "2017.12.28"]
[Round "13.9"]
[White "Padmini, Rout"]
[Black "Fataliyeva, Ulviyya"]
[Result "1/2-1/2"]
[WhiteTitle "IM"]
[BlackTitle "WGM"]
[WhiteElo "2324"]
[BlackElo "2384"]
[WhiteFideId "5029295"]
[BlackFideId "13403052"]
[EventDate "2017.12.26"]

1. Nf3 e6 2. g3 Nf6 3. Bg2 d5 4. O-O Be7 5. c4 O-O 6. b3 c5 7. Bb2 Nc6 8. cxd5
exd5 9. d4 Ne4 10. dxc5 Bxc5 11. Nc3 Be6 12. Na4 Be7 13. Rc1 Rc8 14. Nd4 Nxd4
15. Bxd4 Qa5 16. f3 Nf6 17. Qd3 Ba3 18. Rcd1 Nd7 19. Nc3 Bc5 20. Rc1 Rc6 21. e3
Rfc8 22. Ne2 Bxd4 23. Rxc6 Bxe3+ 24. Qxe3 Rxc6 25. f4 Nf6 26. Nd4 Qc3 27. Qxc3
Rxc3 28. Rd1 Bg4 29. Re1 Rd3 30. Nb5 a6 31. Nd6 Kf8 32. Nxb7 Rd2 33. h3 Bc8 34.
Nd6 Bd7 35. g4 Rxa2 36. g5 Nh5 37. f5 Nf4 38. Bf1 f6 39. gxf6 gxf6 40. Rc1 Ke7
41. Nb7 Bxf5 42. Rc7+ Kf8 43. Nd6 Nxh3+ 44. Bxh3 Bxh3 45. Rxh7 Be6 46. Ra7 d4
47. Ne4 Bxb3 48. Nxf6 d3 49. Rd7 Bf7 50. Rxd3 a5 51. Rd7 a4 52. Nh7+ Kg8 53.
Nf6+ Kg7 54. Ne4 Kg6 55. Nc3 Ra1+ 56. Rd1 Ra3 57. Nxa4 Rxa4 58. Kf2 Re4 59. Rd3
Bc4 60. Re3 Rf4+ 61. Ke1 Kf5 62. Re8 Rd4 63. Rf8+ Ke5 64. Re8+ Be6 65. Ke2 Rd6
66. Ke3 Ra6 67. Kd3 Ra3+ 68. Ke2 Kd6 69. Kd2 Bf5 70. Ke2 Kd5 71. Kd2 Kc4 72. Rd8
Be4 73. Ke2 Bd5 74. Kd2 Kd4 75. Ke2 Ra2+ 76. Kd1 Kc4 77. Ke1 Be4 78. Rd2 Ra3 79.
Rd8 Rh3 80. Ke2 Bd3+ 81. Kd2 Bf5 82. Ke2 Kc3 83. Kf2 Bd3 84. Kg2 Re3 85. Kf2 Kd2
86. Rd7 Rh3 87. Rd8 Kc3 88. Rc8+ Kd4 89. Rd8+ Ke4 90. Re8+ Kf4 91. Rf8+ Bf5 92.
Ke2 Rh2+ 93. Kd1 Ke4 94. Re8+ Kd3 95. Rd8+ Kc3 96. Ke1 Bd3 97. Re8 Bb5 98. Rc8+
Kd4 99. Rd8+ Ke3 100. Kd1 Bd3 101. Re8+ Kd4 102. Ke1 Be4 103. Kd1 Ke3 104. Kc1
Rc2+ 105. Kd1 Rb2 106. Rc8 Rb1+ 107. Rc1 Rb3 108. Rc8 Rb2 109. Rc7 Rb4 110. Rc8
Rb3 111. Rc7 Bf5 112. Rc6 Rb2 113. Rc7 Rh2 114. Kc1 Rh1+ 115. Kb2 Rb1+ 116. Ka3
Rb6 117. Rc3+ Kd2 118. Rb3 Ra6+ 119. Kb4 Bd3 120. Kc5 Ke3 121. Rb4 Ra5+ 122. Kd6
Rh5 123. Ra4 Be4 124. Ke6 Kf4 125. Ra1 Re5+ 126. Kd6 Rd5+ 127. Ke7 Ke5 128. Re1
Ra5 129. Ke8 Ra7 130. Re2 Kf5 131. Kd8 Bd5 132. Re7 Ra6 133. Re1 Rc6 134. Kd7
Rc3 1/2-1/2

[Event "World Rapid Women 2017"]
[Site "Riyadh KSA"]
[Date "2017.12.28"]
[Round "13.10"]
[White "Batsiashvili, Nino"]
[Black "Mamedjarova, Turkan"]
[Result "0-1"]
[WhiteTitle "IM"]
[BlackTitle "WGM"]
[WhiteElo "2502"]
[BlackElo "2260"]
[WhiteFideId "13602993"]
[BlackFideId "13402005"]
[EventDate "2017.12.26"]

1. d4 d5 2. Bf4 Nf6 3. e3 e6 4. Nd2 Bd6 5. Bg3 O-O 6. Bd3 Qe7 7. Ngf3 c5 8. c3
Nc6 9. Qe2 e5 10. dxc5 Bxc5 11. e4 d4 12. Nc4 dxc3 13. bxc3 Bg4 14. Ne3 Bxe3 15.
Qxe3 Nh5 16. Bc4 Nf4 17. O-O Bxf3 18. Qxf3 Qc5 19. Bb3 Qxc3 20. Qxc3 Ne2+ 21.
Kh1 Nxc3 22. Rfe1 Nb5 23. Bd5 Nb4 24. Rab1 Nxd5 25. exd5 Nc3 26. Rxb7 Nxd5 27.
Rxe5 Rfd8 28. h3 h6 29. Bh4 g5 30. Bg3 Nc3 31. Rf5 Rd1+ 32. Kh2 Re8 33. Rfxf7
Ree1 34. Bb8 h5 35. g4 Rh1+ 36. Kg2 Rhg1+ 37. Kh2 Rh1+ 38. Kg2 Rhg1+ 39. Kh2
Rh1+ 40. Kg2 Rdg1+ 41. Kf3 Rxh3+ 42. Bg3 Rhxg3+ 43. fxg3 Rf1+ 44. Ke3 Rxf7 45.
Rb8+ Kg7 46. gxh5 Nxa2 47. Kd2 Rf2+ 48. Ke3 Rf7 49. Kd2 g4 50. Rb5 Rf2+ 51. Ke1
Re2+ 52. Kf1 Re4 53. Ra5 Nc3 54. Rxa7+ Kh6 55. Ra5 Re3 56. Kf2 Rf3+ 57. Kg2 Ne4
58. Ra6+ Kxh5 59. Ra5+ Kg6 60. Ra6+ Kf5 61. Ra5+ Ke6 62. Ra6+ Kf5 63. Ra5+ Kg6
64. Ra6+ Kg5 65. Ra5+ Rf5 66. Ra2 Rd5 67. Ra4 Rd2+ 68. Kg1 Kf5 69. Ra5+ Kf6 70.
Ra6+ Ke5 71. Ra3 Kd4 72. Ra4+ Ke3 73. Ra8 Nxg3 74. Rg8 Ne2+ 75. Kg2 Nc3+ 76. Kg1
Kf3 77. Rh8 Rd1+ 78. Kh2 g3+ 0-1

[Event "World Rapid Women 2017"]
[Site "Riyadh KSA"]
[Date "2017.12.28"]
[Round "13.11"]
[White "Vijayalakshmi, Subbaraman"]
[Black "Lagno, Kateryna"]
[Result "0-1"]
[WhiteTitle "IM"]
[BlackTitle "GM"]
[WhiteElo "2357"]
[BlackElo "2547"]
[WhiteFideId "5004098"]
[BlackFideId "14109336"]
[EventDate "2017.12.26"]

1. Nf3 c5 2. g3 Nc6 3. Bg2 g6 4. d4 cxd4 5. Nxd4 Bg7 6. Nb3 h5 7. h3 d6 8. N1d2
Nf6 9. Nf3 Bf5 10. Ng5 d5 11. O-O e5 12. c4 dxc4 13. Nc5 Qe7 14. Be3 O-O 15. Qa4
Rac8 16. Rac1 Nd4 17. Bxd4 exd4 18. Nxb7 d3 19. exd3 cxd3 20. Rcd1 Rc2 21. b3 d2
22. Na5 Bd3 23. Nc6 Qc5 24. Nb4 Bxf1 25. Bxf1 0-1

[Event "World Rapid Women 2017"]
[Site "Riyadh KSA"]
[Date "2017.12.28"]
[Round "13.12"]
[White "Stefanova, Antoaneta"]
[Black "Girya, Olga"]
[Result "1-0"]
[WhiteTitle "GM"]
[BlackTitle "WGM"]
[WhiteElo "2500"]
[BlackElo "2484"]
[WhiteFideId "2902257"]
[BlackFideId "4195752"]
[EventDate "2017.12.26"]

1. Nf3 d5 2. g3 Bg4 3. Bg2 c6 4. O-O Nd7 5. d4 e6 6. Nbd2 Ngf6 7. Re1 Be7 8. e4
h6 9. c3 Rc8 10. h3 Bh5 11. e5 Nh7 12. Qb3 Qc7 13. Nh2 g5 14. Ndf1 Bg6 15. Be3
c5 16. Qd1 Qb6 17. Qd2 Qa6 18. Bf3 Qd3 19. Be2 Qxd2 20. Nxd2 cxd4 21. Bxd4 Bc5
22. Ng4 h5 23. Ne3 a6 24. f4 h4 25. Nf3 gxf4 26. gxf4 Be4 27. Kh2 Nhf8 28. Ng5
Ng6 29. Rf1 Ne7 30. Bg4 Bxd4 31. cxd4 Nf5 32. Nxe4 Nxe3 33. Nd6+ Kd8 34. Rf2 Rc2
35. Rxc2 Nxc2 36. Rc1 1-0

[Event "World Rapid Women 2017"]
[Site "Riyadh KSA"]
[Date "2017.12.28"]
[Round "13.13"]
[White "Ushenina, Anna"]
[Black "Javakhishvili, Lela"]
[Result "1/2-1/2"]
[WhiteTitle "GM"]
[BlackTitle "IM"]
[WhiteElo "2416"]
[BlackElo "2449"]
[WhiteFideId "14110911"]
[BlackFideId "13601458"]
[EventDate "2017.12.26"]

1. d4 d6 2. Nf3 Nf6 3. g3 g6 4. Bg2 Bg7 5. O-O O-O 6. c4 Nc6 7. Nc3 e5 8. dxe5
dxe5 9. Bg5 Be6 10. Nd2 Qb8 11. Bxf6 Bxf6 12. Nde4 Be7 13. Nd5 Rd8 14. Nxe7+
Nxe7 15. Qc1 Bf5 16. Nf6+ Kg7 17. Qg5 Ng8 18. Nxg8 Rxg8 19. e4 f6 20. Qc1 Be6
21. f4 c6 22. f5 Bf7 23. fxg6 hxg6 24. Qc3 Qd6 25. Rf2 Rgf8 26. Raf1 Be6 27. b3
Qc5 28. Kh1 b5 29. Qa5 Qb6 30. Qb4 Rae8 31. c5 Qc7 32. Rd2 Rd8 33. Rd6 Rxd6 34.
cxd6 Qd7 35. Qc5 Rd8 36. Rd1 Qb7 37. Rd2 a5 38. Kg1 Bd7 39. Bf1 Ra8 40. a3 Qa7
41. b4 axb4 42. axb4 Qa3 43. Rf2 Qa7 44. Qc3 Qb8 45. Qc5 Qa7 46. Qc3 Qb8 47. Qc5
Qa7 48. Qc3 Qb8 1/2-1/2